Learning Unreal Engine Game Development (Record no. 10602)

MARC details
000 -LEADER
fixed length control field 00398nam a22001697a 4500
003 - CONTROL NUMBER IDENTIFIER
control field OSt
008 - FIXED-LENGTH DATA ELEMENTS--GENERAL INFORMATION
fixed length control field 210330b ||||| |||| 00| 0 eng d
020 ## - INTERNATIONAL STANDARD BOOK NUMBER
International Standard Book Number 9781784398156
082 ## - DEWEY DECIMAL CLASSIFICATION NUMBER
Classification number 794.815 LEL
100 ## - MAIN ENTRY--PERSONAL NAME
Personal name LEE, Joanna
245 ## - TITLE STATEMENT
Title Learning Unreal Engine Game Development
250 ## - EDITION STATEMENT
Edition statement 1st
260 ## - PUBLICATION, DISTRIBUTION, ETC. (IMPRINT)
Place of publication, distribution, etc UK
Name of publisher, distributor, etc Packt Publishing Pvt
Date of publication, distribution, etc 2016
300 ## - PHYSICAL DESCRIPTION
Extent 249
650 ## - SUBJECT ADDED ENTRY--TOPICAL TERM
Topical term or geographic name as entry element ARVR
942 ## - ADDED ENTRY ELEMENTS (KOHA)
Source of classification or shelving scheme Dewey Decimal Classification
Koha item type Text Books
Holdings
Withdrawn status Lost status Source of classification or shelving scheme Damaged status Not for loan Collection code Home library Current library Date acquired Source of acquisition Currency Cost, normal purchase price Bill Number Total Checkouts Full call number Acc. no. / Barcode Date last seen Actual Cost, discounted price Bill Date Koha item type
    Dewey Decimal Classification     B.Tech(CSE) PIET C-LIBRARY PIET C-LIBRARY 22/03/2021 Kirti Praskshan IN Rupees 3199.00 IN1914   006.9 LEE 32722 30/03/2021 2655.17 22/03/2021 Reference Books

Design & Developed by: PIET Central Library
R70 Miles Stone Pattikalyana Samalkha Panipat 132102
mail ID :- [email protected], Phone No:- 0180-2569700 Ex.216